Suomen sinfoniaorkesterit - Statistics

Yleistilastot
  • Tätä visaa on pelattu 18 kertaa
  • Keskiarvotulos 18 / 34
Vastaustilastot
Orkesterityyppi Orkesteri % Oikein
Sinfoniaorkesterit Helsingin kaupunginorkesteri
87%
Sinfoniaorkesterit Jyväskylä Sinfonia
87%
Sinfoniaorkesterit Oulu Sinfonia
87%
Sinfoniaorkesterit Radion sinfoniaorkesteri
87%
Sinfoniaorkesterit Turun filharmoninen orkesteri
87%
Sinfoniaorkesterit Joensuun kaupunginorkesteri
80%
Sinfoniaorkesterit Lahden kaupunginorkesteri - Sinfonia Lahti
80%
Kamari- ja runko-orkesterit Mikkelin kaupunginorkesteri
80%
Sinfoniaorkesterit Pori Sinfonietta
80%
Sinfoniaorkesterit Tampere Filharmonia
80%
Sinfoniaorkesterit Kuopion kaupunginorkesteri
73%
Kamari- ja runko-orkesterit Seinäjoen kaupunginorkesteri
73%
Sinfoniaorkesterit Vaasan kaupunginorkesteri
73%
Muut orkesterit Vantaan Viihdeorkesteri
73%
Sinfoniaorkesterit Tapiola Sinfonietta
67%
Sinfoniaorkesterit Lappeenrannan kaupunginorkesteri
60%
Sinfoniaorkesterit Kymi sinfonietta
53%
Liitännäisjäsenet Savonlinnan Orkesteri
53%
Muut orkesterit Helsingin Barokkiorkesteri
47%
Kamari- ja runko-orkesterit Lapin kamariorkesteri
47%
Liitännäisjäsenet Sinfoniaorkesteri Vivo
47%
Liitännäisjäsenet Kaartin soittokunta
40%
Kamari- ja runko-orkesterit Keski-Pohjanmaan Kamariorkesteri
40%
Kamari- ja runko-orkesterit Lohjan kaupunginorkesteri
40%
Muut orkesterit Hyvinkään Orkesteri
33%
Liitännäisjäsenet Sibelius-Akatemian sinfoniaorkesteri
33%
Muut orkesterit Avanti! Kamariorkesteri
27%
Kamari- ja runko-orkesterit Kemin kaupunginorkesteri ja Meri-Lapin jousikvartetti
20%
Sinfoniaorkesterit Suomen kansallisoopperan orkesteri
20%
Kamari- ja runko-orkesterit UMO Helsinki Jazz Orchestra
20%
Muut orkesterit Ensemble Nylandia
13%
Muut orkesterit Suomalainen barokkiorkesteri
13%
Liitännäisjäsenet Suomalainen kamariorkesteri
13%
Muut orkesterit Riku Niemi Orchestra
7%
Ehtoja vastaavia visoja ei löytynyt
Tulosjakauma
Jokaisen tuloksen saaneiden osuus
Persentiili vastausten määrän mukaan
Tuloshistoriasi
Et ole pelannut tätä visaa